Score 0/26 Timer 05:00
0 Plays Today
Hint Answer % Correct
Indoor racquet sportSquash
81.4%
Melting snowslush
80.9%
Miss America adornmentsash
80.1%
Nothing but netswish
79.7%
Nike logoswoosh
79.1%
Member of Guns N' RosesSlash
73.7%
SpongeBob SquarePants' best friend is this kind of animalstarfish
73.1%
TV hardware installed on your roof *satellite dish
72.1%
Hide something in a secret spotstash
70.8%
Official language of Dominican RepublicSpanish
66.9%
It beats a full house *straight flush
66.2%
Oysters, shrimp, scallops and the likeshellfish
66.1%
Looking out for #1selfish
65.2%
Hint Answer % Correct
Super ____ Bros.Smash
62.8%
Like Greta Garbo or a Muppet chefSwedish
60.5%
Minor battle between warring partiesskirmish
59.3%
Corn and lima bean dish, also a favorite word of Sylvester the Catsuccotash
56.5%
Like William WallaceScottish
56.3%
What a cobbler uses for shine *shoe polish
53.9%
Walk-the-plank soundsplash
49.8%
Cole slaw e.g. *side dish
47.3%
Myles ____, leader of Plymouth colonyStandish
43.4%
Easily startledskittish
43%
Two-time MVP for the Phoenix Suns *Steve Nash
33.3%
How one may feel after doing something embarrassingsheepish
25.9%
Desert plant that is currently Nevada's state flowersagebrush
9.8%
Remove Ads.
Support Sporcle.
Get the best of Sporcle when you Go Orange. This ad-free experience offers more features, more stats, and more fun while also helping to support Sporcle. Thank you for becoming a member.

You're not logged in!

Compare scores with friends on all Sporcle quizzes.
OR
Log In

Show Comments

Extras

Top Quizzes Today


Score Distribution

Your Account Isn't Verified!

In order to create a playlist on Sporcle, you need to verify the email address you used during registration. Go to your Sporcle Settings to finish the process.

Report this User

Report this user for behavior that violates our Community Guidelines.

Details: